000 01310nam a22003017a 4500
001 6306
003 FISKH
005 20250826093918.0
008 250409b cb ||||| |||| 00| 0 eng d
020 _a9780590443005
040 _aFISKH
_beng
_cFISKH
_dFISKH
050 _aPZ7.M3567585 K
082 _a741.5
100 _aM.Martin, Ann
_d(1955–)
245 _aBaby sitters little sister #1 :
_bKaren's witch /
_cAnn M. Martin ; Illustrations by Susan Tang
250 _aThis edition first published in 1988
260 _aNew York :
_bScholastic,
_c1988
300 _a97 pages :
_billustrations ;
_c20 cm
505 _aN
520 _aIs she Mrs. Porter...or a witch? Karen lives next door to an old lady named Mrs. Porter. Mrs. Porter wears long black robes and has wild gray hair. Her black cat is named Midnight. No wonder Karen thinks Mrs. Porter is a witch! Mrs. Porter is having a meeting at her house. Karen is sure the meeting is for witches. Are the witches going to cast a spell on Karen? Or will she be brave enough to send them away-once and for all?
521 8 _a550
_bLexile
521 8 _aN
_bRaz-Plus
650 _2Baby-Sitters Club
_aChapter book
650 _2Realistic fiction
_aBabysitters
700 _aTang, Susan
_dillustrator
942 _2ddc
_cBK
_n0
999 _c6306
_d6306